Estatísticas para Os 15 principais países afetados pela Covid-19 - 8 de maio

Clique aqui para jogar o quiz

Estatísticas Gerais

  • Esse quiz foi jogado 3 vezes
  • A pontuação média é 18 de 24

Estatísticas das Respostas

país% Correto
Alemanha
100%
Bélgica
100%
Brasil
100%
Canadá
100%
China
100%
Espanha
100%
Estados Unidos
100%
França
100%
Itália
100%
Países Baixos
100%
Portugal
100%
Reino Unido
100%
Rússia
100%
Suécia
100%
Suíça
100%
Irão
67%
Bahrein
33%
Catar
33%
Índia
33%
Irlanda
33%
Peru
33%
Singapura
33%
Turquia
33%
Bielorrússia
0%

Distribuição das Pontuações

Percentil de Números Respondidos

Porcentagem de Pessoas com Cada Pontuação

Sua Pontuação Histórica

Você não jogou esse quiz